<?xml version="1.0" encoding="UTF-8"?>
<record
    xmlns:xsi="http://www.w3.org/2001/XMLSchema-instance"
    xsi:schemaLocation="http://www.loc.gov/MARC21/slim http://www.loc.gov/standards/marcxml/schema/MARC21slim.xsd"
    xmlns="http://www.loc.gov/MARC21/slim">

  <leader>03377nam a2200517Ia 4500</leader>
  <controlfield tag="001">1983</controlfield>
  <controlfield tag="008">241029s9999    xx            000 0 und d</controlfield>
  <datafield tag="010" ind1=" " ind2=" ">
    <subfield code="a">1859</subfield>
  </datafield>
  <datafield tag="041" ind1=" " ind2=" ">
    <subfield code="a">Espa&#xF1;ol</subfield>
  </datafield>
  <datafield tag="082" ind1=" " ind2=" ">
    <subfield code="a">ST MA-ES 0012 FH 1997</subfield>
  </datafield>
  <datafield tag="245" ind1=" " ind2="0">
    <subfield code="a">La Repitencia en el Primer Curso de la Educaci&#xF3;n B&#xE1;sica, Distrito 05-07, 1994-1995, Sector P&#xFA;blico. San Jos&#xE9; de los Llanos</subfield>
  </datafield>
  <datafield tag="260" ind1=" " ind2=" ">
    <subfield code="a">San Pedro de Macor&#xED;s</subfield>
  </datafield>
  <datafield tag="300" ind1=" " ind2=" ">
    <subfield code="a">104</subfield>
  </datafield>
  <datafield tag="520" ind1=" " ind2=" ">
    <subfield code="a">1</subfield>
  </datafield>
  <datafield tag="630" ind1=" " ind2=" ">
    <subfield code="a">Repetici&#xF3;n de Cursos</subfield>
  </datafield>
  <datafield tag="650" ind1=" " ind2=" ">
    <subfield code="a">Competencias Educativas</subfield>
  </datafield>
  <datafield tag="690" ind1=" " ind2=" ">
    <subfield code="a">Elaborado</subfield>
  </datafield>
  <datafield tag="700" ind1=" " ind2=" ">
    <subfield code="e">asesor</subfield>
    <subfield code="a">Moquete de la Rosa, Jacobo</subfield>
  </datafield>
  <datafield tag="700" ind1=" " ind2=" ">
    <subfield code="e">autor</subfield>
    <subfield code="a">Tav&#xE1;rez R., Bartolina Alt.</subfield>
  </datafield>
  <datafield tag="901" ind1=" " ind2=" ">
    <subfield code="a">{"1":"Tav&#xE1;rez R."}</subfield>
    <subfield code="b">{"1":"Bartolina Alt."}</subfield>
  </datafield>
  <datafield tag="902" ind1=" " ind2=" ">
    <subfield code="a">1</subfield>
  </datafield>
  <datafield tag="903" ind1=" " ind2=" ">
    <subfield code="a">{"1":"Moquete de la Rosa"}</subfield>
    <subfield code="b">{"1":"Jacobo"}</subfield>
  </datafield>
  <datafield tag="904" ind1=" " ind2=" ">
    <subfield code="a">Maestro en</subfield>
  </datafield>
  <datafield tag="905" ind1=" " ind2=" ">
    <subfield code="a">Educaci&#xF3;n</subfield>
  </datafield>
  <datafield tag="906" ind1=" " ind2=" ">
    <subfield code="a">1</subfield>
  </datafield>
  <datafield tag="907" ind1=" " ind2=" ">
    <subfield code="a">Concentraci&#xF3;n en</subfield>
  </datafield>
  <datafield tag="908" ind1=" " ind2=" ">
    <subfield code="a">Administraci&#xF3;n de la Educaci&#xF3;n</subfield>
  </datafield>
  <datafield tag="909" ind1=" " ind2=" ">
    <subfield code="a">Universidad Aut&#xF3;noma de Santo Domingo (UASD)</subfield>
  </datafield>
  <datafield tag="910" ind1=" " ind2=" ">
    <subfield code="a">NULL</subfield>
    <subfield code="b">NULL</subfield>
  </datafield>
  <datafield tag="911" ind1=" " ind2=" ">
    <subfield code="a">["5"]</subfield>
  </datafield>
  <datafield tag="912" ind1=" " ind2=" ">
    <subfield code="a">Universidad de Montreal, Canad&#xE1;</subfield>
  </datafield>
  <datafield tag="913" ind1=" " ind2=" ">
    <subfield code="a">NULL</subfield>
  </datafield>
  <datafield tag="914" ind1=" " ind2=" ">
    <subfield code="a">03 de Febrero de 1997</subfield>
  </datafield>
  <datafield tag="915" ind1=" " ind2=" ">
    <subfield code="a">NULL</subfield>
  </datafield>
  <datafield tag="916" ind1=" " ind2=" ">
    <subfield code="a">NULL</subfield>
  </datafield>
  <datafield tag="917" ind1=" " ind2=" ">
    <subfield code="a">NULL</subfield>
  </datafield>
  <datafield tag="918" ind1=" " ind2=" ">
    <subfield code="a">NO APLICA</subfield>
  </datafield>
  <datafield tag="919" ind1=" " ind2=" ">
    <subfield code="a">["178"]</subfield>
  </datafield>
  <datafield tag="520" ind1=" " ind2=" ">
    <subfield code="a">El estudio se plante&#xF3; como objetivo principal determinar el nivel de repitencia en el Primer Curso de la Educaci&#xF3;n B&#xE1;sica, Distrito 05-07, Sector P&#xFA;blico. San Jos&#xE9; de los Llanos, 1994-1995.Para la consecuci&#xF3;n de las verdades relativas a la situaci&#xF3;n del problema de la repitencia, este estudio utiliz&#xF3; el m&#xE9;todo descriptivo-situacional-diagn&#xF3;stico, para luego utilizar los instrumentos de captaci&#xF3;n de informaciones.El universo objeto estuvo conformado por las siguientes poblaciones: 1,368 estudiantes, 118 maestros (incluye directores unitarios), 12 Directores, 608 padres de hogares que tienen sus hijos en la escuela, organizaciones religiosas con programas de nutrici&#xF3;n, 2 y 9 expertos y/o especialistas en evaluaci&#xF3;n y rendimiento escolar. La muestra utilizada fue de 65 estudiantes, 30 docentes, 10 Directores, 40 padres/madres, organizaciones religiosas con programas de nutrici&#xF3;n, 2 y 4 expertos y/o especialistas.Las principales conclusiones presentadas indican que algunos de los principales factores asociados a la repitencia de los alumnos son: el poco inter&#xE9;s de los alumnos/as en las clases, falta de inter&#xE9;s de los padres por los estudios de estos y la baja asistencia a las escuelas.Dentro de sus recomendaciones, sugiere realizar cursos especiales para los ni&#xF1;os con problemas de aprendizaje, creando los mecanismos necesarios para resolver dicho problema, adem&#xE1;s del nombramiento de un psic&#xF3;logo u orientador. En cuanto a disminuir la baja asistencia, es necesario que se tenga en cuenta los factores que la producen, ejemplo: enfermedad, falta de &#xFA;tiles escolares, de motivaci&#xF3;n y contrarrestar estos factores mediante la dotaci&#xF3;n y equipamiento de materiales y &#xFA;tiles a los ni&#xF1;os que m&#xE1;s lo necesiten y, hacer de la escuela una instituci&#xF3;n m&#xE1;s comprensiva de las expectativas de estos alumnos, esto con la ayuda de las autoridades educativas, del gobierno, sociedades de padres, madres y amigos de las escuelas, maestros y directores.</subfield>
  </datafield>
  <datafield tag="921" ind1=" " ind2=" ">
    <subfield code="a">16</subfield>
  </datafield>
  <datafield tag="922" ind1=" " ind2=" ">
    <subfield code="a">16</subfield>
  </datafield>
  <datafield tag="923" ind1=" " ind2=" ">
    <subfield code="a">0</subfield>
  </datafield>
  <datafield tag="924" ind1=" " ind2=" ">
    <subfield code="a">NO APLICA</subfield>
  </datafield>
  <datafield tag="942" ind1=" " ind2=" ">
    <subfield code="c">Tesis</subfield>
  </datafield>
  <datafield tag="999" ind1=" " ind2=" ">
    <subfield code="c">1859</subfield>
    <subfield code="d">1859</subfield>
  </datafield>
</record>
